000 01149nam a22003257a 4500
003 OSt
005 20140310181921.0
008 130718t xxu||||| |||| 00| 0 eng d
050 _aLB 1573
_b.C737 2006
082 _aTR 418.4
_bC23 2006
110 _aCurriculum Associates, Inc.
_91534
245 _aComprehensive assessment of reading strategies :
_bteacher's guide /
260 _aNorth Billerica, MA :
_bCurriculum Associates, Inc.,
_cc2006.
300 _a21 p. [5] ;
_c28 cm.
521 _aFaculty
541 _j1
541 _j1
541 _j1
541 _j1
541 _j1
562 _e1
650 _aReading
_9902
710 _aCurriculum Associates, Inc.
_91534
830 _aComprehensive assessment of reading strategies : Series A
_91616
830 _aComprehensive assessment of reading strategies : Series B
_91617
830 _aComprehensive assessment of reading strategies : Series C
_91618
830 _aComprehensive assessment of reading strategies : Series D
_91619
830 _aComprehensive assessment of reading strategies : Series E
_91620
942 _2lcc
_cBK-TR
_kTR
999 _c6975
_d6975